000 00816nas a2200277 4500
001 BR0905747
003 BR-BrBNA
005 20231205113736.0
007 ta
008 230509b bl.|||p| |||| 00| 00por d
040 _aBR-BrBNA
_bpor
_cBiblioteca Nacional de Agricultura
041 _a(Pt)
072 _aF01
100 1 _aRamos, N.P.
100 1 _aNovo, M. do C. de S.S.
100 1 _aLago, A.A.
100 1 _aUngaro, M.R.G.
245 1 _aGirassol: emergências e crescimento inicial de plantas sob resíduos de cana-de-açúcar
650 _aGIRASSOL
650 _aPALHA
650 _aVINHAÇA
650 _aCANA-DE-AÇÚCAR
773 0 _tCiência Rural (Brazil)
_xISSN 0103-8478
_g(Jan-Feb 2009), v. 39(1) p. 45-51
_wBR0905747
909 _a202311
_bLúcia
_c55
_dLúcia Elande
942 _2AGRIS
_n0
_cANA
999 _c205351
_d205351